000
00291nam a2200109Ia 4500
008
200302s9999 xx 000 0 und d
100
_a
Marion Haslam & Other
245
_a
Retro Stysle the 50s Look for Today's Home
260
_b
Association With Livingetc
260
_c
2000
300
_a
143 P.,
999
_c
1466
_d
1466